| 000 | 00478cam a22001457a 4500 | ||
|---|---|---|---|
| 008 | 180718b1981 xxu||||| |||| 00| 0 eng d | ||
| 082 | _aT19x54 G117w | ||
| 100 | _aGadgil, D.R. | ||
| 245 |
_aWritings and speeches on economic and political problems _cby D. R. Gadgil, edited by Sulabha Brahme |
||
| 260 |
_aPune _bGokhale Institute of Politics and Economics _c1981 |
||
| 300 | _a525p. | ||
| 650 | _aIndia-Politics | ||
| 650 | _aIndia-Economic policy | ||
| 700 | _aBrahme, Sulabha | ||
| 999 |
_c344611 _d344611 |
||